Zwei altosmanische Ḳor'ān-Kommentare

Elmentve itt :
Bibliográfiai részletek
Szerző: Schacht Joseph
Dokumentumtípus: Cikk
Megjelent: Harrassowitz Leipzig 1927
Sorozat:Orientalistische Literaturzeitung : Monatschrift für die Wissenschaft vom ganzen Orient und seinen Beziehungen zu den angrenzenden Kulturkreisen
Kulcsszavak:Korán - szövegmagyarázat, Ótörök nyelv
Tárgyszavak:
Online Access:http://misc.bibl.u-szeged.hu/64633
LEADER 00952nab a2200241 i 4500
001 misc64633
005 20241001140637.0
008 230718s1927 hu o 000 ger d
040 |a SZTE Miscellanea Repozitórium  |b hun 
041 |a ger 
100 1 |a Schacht Joseph 
245 1 0 |a Zwei altosmanische Ḳor'ān-Kommentare  |h [elektronikus dokumentum] /  |c  Schacht Joseph 
260 |a Harrassowitz  |b Leipzig  |c 1927 
300 |a 747-752  |c 28 cm 
300 |a [6] h.  |c 28 cm 
490 0 |a Orientalistische Literaturzeitung : Monatschrift für die Wissenschaft vom ganzen Orient und seinen Beziehungen zu den angrenzenden Kulturkreisen 
561 |a Németh Gyula hagyaték 
591 |a NOA 5320 
650 4 |a Bölcsészettudományok 
650 4 |a Nyelvek és irodalom 
650 4 |a Filozófia, etika és vallástudományok 
695 |a Korán - szövegmagyarázat, Ótörök nyelv 
856 4 0 |u http://misc.bibl.u-szeged.hu/64633/1/5320_noa.pdf  |z Dokumentum-elérés